00694 2200253 4500001002100000005001700021008004100038020001800079035002400097040001200121082001000133084001600143100001700159245009700176250001100273260002500284300002300309500001100332500004100343650002200384700001200406850001200418990001000430INLIS00000000002238120160907143442.0 ind  a979-431-093-X 0010-091600000000153 aYOPDYOG a152.4 a152.4 Tyr B aTyrer, Peter aBagaimana mengatasi stress = (How to cope with stress) /cPeter Tyrer ; alih bahasa, Irwanto aCet. 1 aJakartabArcanc1990 axii,160 hlmc19 cm aIndeks aJudul asli : How to cope with stress aStres (Psikologi) aIrwanto aYOPDYOG a007-P